[Event "interzonal (w)"]
[Site "Jakarta INA"]
[Date "1993.??.??"]
[Round "12"]
[White "Demina, Yulia"]
[Black "Maric, Mirjana"]
[Result "1/2-1/2"]
[WhiteElo "2365"]
[BlackElo "2305"]
[EventDate "1993.07.??"]
[PlyCount "65"]

1.c4 e5 2.g3 Nf6 3.Bg2 d5 4.cxd5 Nxd5 5.Nc3 Nb6 6.Nf3 Nc6 7.O-O Be7 8.a3 
O-O 9.b4 a6 10.d3 Nd5 11.Bb2 Nxc3 12.Bxc3 Qd6 13.Qc1 Nd4 14.Qb2 Nxf3+ 15.
Bxf3 Bf6 16.Rfd1 c6 17.d4 exd4 18.Bxd4 Bxd4 19.Rxd4 Qf6 20.Rad1 Be6 21.
R1d3 Rad8 22.Qd2 Rxd4 23.Rxd4 h6 24.h4 Ra8 25.Be4 Re8 26.e3 h5 27.f4 Bf5 
28.Bg2 Qg6 29.Rd8 Qe6 30.Rxe8+ Qxe8 31.Qd4 Qe6 32.e4 Bg4 33.Qe3 1/2-1/2

[Event "interzonal (w)"]
[Site "Jakarta INA"]
[Date "1993.??.??"]
[Round "12"]
[White "Holoubkova, Martina"]
[Black "Lumongdong, Lisa Karlina"]
[Result "0-1"]
[WhiteElo "2235"]
[BlackElo "2080"]
[EventDate "1993.07.??"]
[PlyCount "104"]

1.e4 c5 2.c3 e6 3.d4 d5 4.Nd2 Nc6 5.exd5 exd5 6.dxc5 Bxc5 7.Nb3 Bb6 8.Nf3 
Nge7 9.Bd3 O-O 10.O-O h6 11.Bf4 Bg4 12.h3 Bh5 13.Be2 Re8 14.Nbd4 a6 15.Qd2
Bg6 16.Rfe1 Be4 17.Rad1 Ng6 18.Bg3 Qf6 19.Bf1 Rad8 20.Re3 Nge5 21.Nxe5 
Nxe5 22.b3 Nc6 23.f3 Nxd4 24.cxd4 Bg6 25.Kh1 Rxe3 26.Qxe3 Rc8 27.a3 Qc6 
28.Be1 Re8 29.Qf2 Qc2 30.Rd2 Qc1 31.Re2 Rxe2 32.Bxe2 Qxa3 33.f4 Qa1 34.Kh2
Qxd4 35.Qxd4 Bxd4 36.g4 Be4 37.Kg3 f5 38.Ba5 Kf7 39.Kh4 Bf2+ 40.Kh5 fxg4 
41.Kxg4 g6 42.Bd2 Kf6 43.h4 h5+ 44.Kh3 Bf5+ 45.Kg2 Bxh4 46.Bc3+ Ke6 47.Bd4
Bf6 48.Bc5 Be4+ 49.Kf1 h4 50.Bg4+ Bf5 51.Bf3 g5 52.fxg5 Bxg5 0-1

[Event "interzonal (w)"]
[Site "Jakarta INA"]
[Date "1993.??.??"]
[Round "12"]
[White "Marinello, Beatriz"]
[Black "Sulistya, Maria Lucia Ratna"]
[Result "1-0"]
[WhiteElo "2160"]
[BlackElo "2190"]
[EventDate "1993.07.??"]
[PlyCount "123"]

1.e4 e5 2.Nf3 Nc6 3.Nc3 Nf6 4.Bb5 Bc5 5.O-O d6 6.d4 exd4 7.Nxd4 Bd7 8.Nb3 
Bb6 9.Bg5 h6 10.Bh4 g5 11.Bg3 Qe7 12.Nd5 Nxd5 13.Bxc6 bxc6 14.exd5 O-O 15.
Kh1 Qe4 16.dxc6 Bxc6 17.f3 Qg6 18.Bf2 Bb5 19.Bxb6 Bxf1 20.Bxc7 Rac8 21.Ba5
Ba6 22.Bc3 f5 23.Qd4 Rc7 24.Qd5+ Rcf7 25.Rd1 Bb7 26.Qxd6 Qxd6 27.Rxd6 Kh7 
28.Kg1 Re8 29.Kf2 Ree7 30.Nc5 Rc7 31.b4 Rc6 32.Rd8 Re7 33.a3 Ba6 34.Rd2 
Bc4 35.g3 Rc8 36.f4 gxf4 37.gxf4 Rg8 38.Nd7 Rc8 39.Be5 Bb5 40.Nc5 Rg8 41.
a4 Bc6 42.Ke3 Rg1 43.b5 Be8 44.Kd4 Bf7 45.Kc3 Re1 46.Nd7 Be6 47.Nf8+ Kg8 
48.Nxe6 Rxe6 49.Kb4 Rb1+ 50.Ka5 Kf7 51.c4 Rc1 52.Kb4 Ke7 53.c5 a5+ 54.Kxa5
Rxc5 55.Kb4 Rc1 56.a5 Rb1+ 57.Ka4 Rg6 58.a6 Rg8 59.Ka5 Rb3 60.a7 Ra8 61.
Bb8 Rc3 62.Ka6 1-0

[Event "interzonal (w)"]
[Site "Jakarta INA"]
[Date "1993.??.??"]
[Round "12"]
[White "Matveeva, Svetlana"]
[Black "Semenova, Lidia"]
[Result "1-0"]
[WhiteElo "2395"]
[BlackElo "2285"]
[EventDate "1993.07.??"]
[PlyCount "71"]

1.d4 f5 2.c4 Nf6 3.Nc3 g6 4.Qc2 Bg7 5.Bg5 c6 6.Nf3 d6 7.h4 Be6 8.Bxf6 Bxf6
9.e3 Na6 10.a3 Bd7 11.O-O-O Qa5 12.Qb3 O-O-O 13.Qa2 e5 14.b4 Qc7 15.c5 e4 
16.Ng5 Bxg5 17.hxg5 Nb8 18.Qf7 dxc5 19.bxc5 Qa5 20.Kb2 Rdf8 21.Qg7 Qd8 22.
Bc4 Qxg5 23.Rxh7 Rxh7 24.Qxf8+ Qd8 25.Qd6 g5 26.g4 Qc7 27.Qg6 Rh2 28.Rd2 
b6 29.gxf5 bxc5 30.Nxe4 Qa5 31.Qxg5 Rh1 32.dxc5 Ra1 33.Qg8+ Kb7 34.Kxa1 
Qxa3+ 35.Kb1 Qb4+ 36.Rb2 1-0

[Event "interzonal (w)"]
[Site "Jakarta INA"]
[Date "1993.??.??"]
[Round "12"]
[White "Jurgens, Vera"]
[Black "Levitan, Yuliya"]
[Result "0-1"]
[WhiteElo "2350"]
[BlackElo "2270"]
[EventDate "1993.07.??"]
[PlyCount "96"]

1.d4 Nf6 2.Nf3 g6 3.Nc3 Bg7 4.e4 d6 5.h3 O-O 6.Be2 Nbd7 7.O-O e5 8.dxe5 
dxe5 9.Bg5 h6 10.Be3 c6 11.Qd2 Kh7 12.Rad1 Qe7 13.Nh2 Nc5 14.f3 Ne6 15.Bc4
Nh5 16.Ne2 Nef4 17.Nxf4 exf4 18.Bd4 Rd8 19.Qf2 Ng3 20.Rfe1 Be6 21.Bxe6 
Qxe6 22.Bxg7 Kxg7 23.b3 b6 24.Nf1 Qe5 25.c4 Qc5 26.Qxc5 bxc5 27.Kf2 Nxf1 
28.Rxf1 Kf6 29.g3 fxg3+ 30.Kg2 Rd4 31.Kxg3 Rad8 32.Rxd4 cxd4 33.c5 g5 34.
f4 d3 35.Rd1 d2 36.fxg5+ hxg5 37.Kf2 Ke5 38.Ke3 Rd4 39.Rxd2 Rxd2 40.Kxd2 
Kxe4 41.Kc3 f5 42.b4 Kd5 43.Kd3 f4 44.a4 a5 45.bxa5 Kxc5 46.Ke4 Kd6 47.a6 
Kc7 48.a5 Kb8 0-1

[Event "interzonal (w)"]
[Site "Jakarta INA"]
[Date "1993.??.??"]
[Round "12"]
[White "Shumiakina, Tatiana"]
[Black "Johansson, Viktoria"]
[Result "1-0"]
[WhiteElo "2320"]
[BlackElo "2155"]
[EventDate "1993.07.??"]
[PlyCount "83"]

1.d4 Nf6 2.g3 g6 3.Bg2 d5 4.Nf3 Bg7 5.O-O O-O 6.c4 c6 7.Qa4 Nbd7 8.cxd5 
cxd5 9.Nc3 Nb6 10.Qb3 Ne4 11.Bf4 Nxc3 12.bxc3 Bf5 13.a4 Qc8 14.Nd2 e6 15.
a5 Nd7 16.e4 dxe4 17.Nxe4 e5 18.Nd6 Be6 19.d5 Qb8 20.Nxb7 Bf5 21.Be3 e4 
22.Rab1 Qc7 23.c4 Ne5 24.c5 Nf3+ 25.Kh1 Be5 26.c6 h5 27.Rbc1 Rfb8 28.Qb4 
h4 29.d6 Qc8 30.a6 hxg3 31.c7 Nxh2 32.cxb8=Q Qxb8 33.d7 Bxd7 34.Rfd1 Kg7 
35.Bd4 Nf3 36.Bxe5+ Nxe5 37.fxg3 Qh8+ 38.Kg1 Bh3 39.Qxe4 Re8 40.Qh4 Qxh4 
41.gxh4 Bxg2 42.Kxg2 1-0

[Event "interzonal (w)"]
[Site "Jakarta INA"]
[Date "1993.??.??"]
[Round "12"]
[White "Thipsay, Bagyashree Sathe"]
[Black "Safranska, Anda"]
[Result "0-1"]
[WhiteElo "2175"]
[BlackElo "2290"]
[EventDate "1993.07.??"]
[PlyCount "86"]

1.e4 Nf6 2.e5 Nd5 3.d4 d6 4.Nf3 g6 5.Bc4 c6 6.O-O Bg7 7.exd6 Qxd6 8.Bg5 
Bg4 9.Nbd2 O-O 10.Re1 e6 11.h3 Bxf3 12.Nxf3 h6 13.Bd2 b5 14.Bf1 Nd7 15.c3 
Rfe8 16.b3 e5 17.c4 bxc4 18.bxc4 Ne7 19.Bc3 exd4 20.Bxd4 Bxd4 21.Qxd4 Qxd4
22.Nxd4 Kf8 23.Rab1 Rab8 24.Rxb8 Rxb8 25.Nb3 Rb4 26.Bd3 Nb6 27.Re4 Na4 28.
Re2 Nc3 29.Re1 Nxa2 30.Nd4 Rb2 31.Be4 Nb4 32.Ra1 a6 33.Ra3 c5 34.Nf3 f5 
35.Ba8 Rb1+ 36.Kh2 Rd1 37.Ra5 Rd8 38.Bb7 Rb8 39.Bd5 Nexd5 40.cxd5 Rb5 41.
Ra4 c4 42.Nd4 c3 43.Nxb5 axb5 0-1

[Event "interzonal (w)"]
[Site "Jakarta INA"]
[Date "1993.??.??"]
[Round "12"]
[White "Voiska, Margarita"]
[Black "Gurieli, Nino"]
[Result "1/2-1/2"]
[WhiteElo "2345"]
[BlackElo "2355"]
[EventDate "1993.07.??"]
[PlyCount "102"]

1.d4 Nf6 2.g3 g6 3.Bg2 Bg7 4.e4 d6 5.Nc3 O-O 6.Nge2 Nbd7 7.O-O e5 8.h3 
exd4 9.Nxd4 Re8 10.Re1 Nc5 11.Nb3 Nxb3 12.axb3 a6 13.Bg5 h6 14.Be3 Bd7 15.
Bd4 Bc6 16.Qd3 Nd7 17.Bxg7 Kxg7 18.Nd5 Ne5 19.Qc3 f6 20.Re3 Nd7 21.Rae1 a5
22.f4 Bxd5 23.exd5 Rxe3 24.Rxe3 Nc5 25.Qe1 Kf7 26.h4 Qd7 27.h5 g5 28.fxg5 
hxg5 29.Be4 f5 30.Qf2 Nxe4 31.Rxe4 Re8 32.Re6 f4 33.gxf4 Rxe6 34.fxg5+ Kg8
35.dxe6 Qxe6 36.Qf4 Qe1+ 37.Kg2 Qe2+ 38.Kg3 Qxh5 39.Qf6 Qe8 40.Kf4 a4 41.
b4 d5 42.Qf5 c6 43.c3 Qb8+ 44.Qe5 Qf8+ 45.Kg4 Qc8+ 46.Kh4 Qd7 47.g6 b6 48.
Kg5 c5 49.bxc5 bxc5 50.Kf6 Qd8+ 51.Kf5 Qd7+ 1/2-1/2

[Event "interzonal (w)"]
[Site "Jakarta INA"]
[Date "1993.??.??"]
[Round "13"]
[White "Johansson, Viktoria"]
[Black "Holoubkova, Martina"]
[Result "1-0"]
[WhiteElo "2155"]
[BlackElo "2235"]
[EventDate "1993.07.??"]
[PlyCount "121"]

1.d4 Nf6 2.c4 g6 3.Nc3 Bg7 4.e4 d6 5.Nge2 O-O 6.Ng3 e5 7.d5 c6 8.Be2 cxd5 
9.cxd5 Nbd7 10.O-O a6 11.Be3 b5 12.a3 h5 13.Qd2 h4 14.Nh1 Nh7 15.Rad1 f5 
16.exf5 gxf5 17.f4 Kh8 18.Nf2 Ndf6 19.Kh1 Qe8 20.Qe1 Qg6 21.Nd3 Ng4 22.Bg1
e4 23.Nb4 Bf6 24.h3 Nh6 25.Bf2 Bd7 26.Bxh4 Bxh4 27.Qxh4 Nf6 28.Rg1 Rf7 29.
Qg5 Qh7 30.Bh5 Nxh5 31.Qxh5 Ng4 32.Qxh7+ Rxh7 33.Rde1 a5 34.Nc2 Nf2+ 35.
Kh2 Nd3 36.Ref1 Nxb2 37.Nd4 Rc8 38.Ncxb5 Rc5 39.Rb1 Nd3 40.a4 Rxd5 41.Ne2 
Kg7 42.Nbc3 Rc5 43.Rb7 Kg6 44.Rb6 Rc6 45.Rgb1 Nb4 46.Rb8 Re7 47.Nb5 d5 48.
Ned4 Rc4 49.Rb6+ Kg7 50.g4 fxg4 51.hxg4 Nc2 52.Nf5+ Bxf5 53.gxf5 Rd7 54.
f6+ Kf8 55.Nd6 Rxd6 56.Rxd6 Nb4 57.Rd7 e3 58.Kg3 e2 59.Rh1 Kg8 60.Rg7+ Kf8
61.Rh8# 1-0

[Event "interzonal (w)"]
[Site "Jakarta INA"]
[Date "1993.??.??"]
[Round "13"]
[White "Lelchuk, Zoya"]
[Black "Botsari, Anna-Maria"]
[Result "0-1"]
[WhiteElo "2340"]
[BlackElo "2245"]
[EventDate "1993.07.??"]
[PlyCount "108"]

1.c4 e6 2.d4 Nf6 3.Nf3 d5 4.g3 Be7 5.Bg2 O-O 6.O-O dxc4 7.Ne5 Nc6 8.Nxc6 
bxc6 9.Na3 Bxa3 10.bxa3 Nd5 11.Qc2 Nb6 12.Rd1 Qe7 13.a4 a5 14.Bxc6 Ra7 15.
Rb1 Qd6 16.Bg2 Bd7 17.Qc3 Rc8 18.Ba3 Nxa4 19.Qc1 Qa6 20.e4 Bb5 21.d5 Rb7 
22.dxe6 Qxe6 23.Qc2 Qe8 24.Bh3 Rcb8 25.Rd4 h6 26.Bf5 g6 27.Bh3 c5 28.Rdd1 
c3 29.Bg2 Bc6 30.Rxb7 Rxb7 31.Bc1 Kh7 32.Rd6 Bb5 33.Qd1 Rd7 34.Qd5 Rxd6 
35.Qxd6 Qd7 36.Qxd7 Bxd7 37.Bf1 Bc6 38.a3 c4 39.f4 Nc5 40.f5 gxf5 41.exf5 
Bd5 42.Kf2 Nd3+ 43.Bxd3 cxd3 44.Ke3 d2 45.Bxd2 cxd2 46.Kxd2 Be4 47.g4 Bf3 
48.h3 Bg2 49.Ke3 Bxh3 50.Kf4 f6 51.Kg3 Bf1 52.Kh4 Kg7 53.Kh5 Be2 54.Kh4 h5
0-1

[Event "interzonal (w)"]
[Site "Jakarta INA"]
[Date "1993.??.??"]
[Round "13"]
[White "Lumongdong, Lisa Karlina"]
[Black "Kulish, Irina"]
[Result "0-1"]
[WhiteElo "2080"]
[BlackElo "2225"]
[EventDate "1993.07.??"]
[PlyCount "68"]

1.e4 e6 2.d4 d5 3.Nd2 Nf6 4.e5 Nfd7 5.Bd3 c5 6.c3 Nc6 7.Ne2 cxd4 8.cxd4 f6
9.exf6 Nxf6 10.O-O Bd6 11.Nf3 O-O 12.Bg5 Bd7 13.Re1 Qb6 14.Nc3 Kh8 15.Bf1 
Ng4 16.Na4 Qc7 17.g3 e5 18.dxe5 Ncxe5 19.Nxe5 Bxe5 20.Rc1 Qd6 21.f4 Bxa4 
22.Qxg4 Bxb2 23.Re6 Qd7 24.Rce1 Bc3 25.Qe2 Bxe1 26.Qxe1 Rae8 27.Bh3 Rxe6 
28.Bxe6 Qc6 29.f5 Qc5+ 30.Kg2 Bc2 31.Qe5 Be4+ 32.Kh3 Qf2 33.Qd6 Bxf5+ 34.
g4 Qf3+ 0-1

[Event "interzonal (w)"]
[Site "Jakarta INA"]
[Date "1993.??.??"]
[Round "13"]
[White "Peng Zhaoqin"]
[Black "Voiska, Margarita"]
[Result "1/2-1/2"]
[WhiteElo "2335"]
[BlackElo "2345"]
[EventDate "1993.07.??"]
[PlyCount "71"]

1.d4 e6 2.Nf3 f5 3.c4 Nf6 4.g3 d5 5.Bg2 c6 6.O-O Bd6 7.Nc3 O-O 8.Bf4 Bxf4 
9.gxf4 Nbd7 10.e3 Ne4 11.Qe2 Ndf6 12.Ne5 Bd7 13.Nxe4 fxe4 14.f3 exf3 15.
Bxf3 Be8 16.Qg2 Nd7 17.Bg4 Rf6 18.Kh1 Qe7 19.Rac1 Nxe5 20.dxe5 Rh6 21.Rg1 
Bg6 22.cxd5 cxd5 23.Bf3 Bf5 24.Qd2 Qd8 25.Rg5 Rc8 26.Rc3 Rg6 27.Rg3 Rxc3 
28.Qxc3 Qd7 29.Kg2 b6 30.Rxg6 Bxg6 31.Kg3 Bf5 32.b4 h6 33.h4 Kh7 34.Be2 
Qa4 35.a3 a5 36.bxa5 1/2-1/2

[Event "interzonal (w)"]
[Site "Jakarta INA"]
[Date "1993.??.??"]
[Round "13"]
[White "Sofieva, Ainur"]
[Black "Dabrowska, Krystyna"]
[Result "1-0"]
[WhiteElo "2390"]
[BlackElo "2240"]
[EventDate "1993.07.??"]
[PlyCount "59"]

1.Nf3 Nf6 2.g3 b6 3.d3 Bb7 4.e4 d6 5.Bg2 e6 6.O-O c5 7.Nh4 Qc7 8.a4 Be7 9.
f4 Nbd7 10.f5 O-O 11.fxe6 fxe6 12.Bh3 e5 13.Nf5 Rae8 14.c4 Nb8 15.Nc3 Nc6 
16.Bh6 gxh6 17.Nd5 Nxd5 18.exd5 Nd4 19.Qg4+ Bg5 20.Nxh6+ Kh8 21.Qxg5 Nf3+ 
22.Rxf3 Rxf3 23.Nf5 Rf8 24.Qh6 Rf7 25.Qh5 Rxd3 26.Nxd6 Re7 27.Qf5 Kg8 28.
Rf1 Qb8 29.Qg5+ Rg7 30.Be6+ 1-0

[Event "interzonal (w)"]
[Site "Jakarta INA"]
[Date "1993.??.??"]
[Round "13"]
[White "Sulistya, Maria Lucia Ratna"]
[Black "Thipsay, Bagyashree Sathe"]
[Result "1-0"]
[WhiteElo "2190"]
[BlackElo "2175"]
[EventDate "1993.07.??"]
[PlyCount "115"]

1.e4 c6 2.d4 d5 3.Nd2 dxe4 4.Nxe4 Nf6 5.Nxf6+ gxf6 6.Nf3 Bg4 7.c3 Qc7 8.
Bc4 e6 9.Qe2 Nd7 10.h3 Bh5 11.O-O O-O-O 12.b4 Bd6 13.Qe3 Rhg8 14.Be2 f5 
15.Qh6 Bg6 16.a4 Rde8 17.b5 c5 18.a5 f4 19.dxc5 Nxc5 20.b6 axb6 21.axb6 
Qxb6 22.Bxf4 Kb8 23.Bxd6+ Qxd6 24.Rfd1 Qc7 25.Ra3 Be4 26.Rda1 b6 27.Qd2 
Bb7 28.Qa2 Qc6 29.Kf1 Rd8 30.Qb1 Ne4 31.Qc1 e5 32.Qe3 f6 33.Ba6 Ba8 34.Bd3
Bb7 35.Ra7 Nc5 36.Bxh7 Rg7 37.Bc2 Na6 38.R7xa6 Bxa6+ 39.Rxa6 Qb5+ 40.Qe2 
Qxe2+ 41.Kxe2 Kb7 42.Ra1 Kc6 43.g4 Kc5 44.Nd2 Rh8 45.Ne4+ Kc6 46.Nxf6 Rxh3
47.Be4+ Kc5 48.f3 Rh6 49.Nh5 Rd7 50.Rd1 Rxd1 51.Kxd1 b5 52.Kc2 b4 53.cxb4+
Kxb4 54.Kd3 Kc5 55.Ng7 Rh8 56.Nf5 Rg8 57.Ke3 Kb6 58.Bd5 1-0

[Event "interzonal (w)"]
[Site "Jakarta INA"]
[Date "1993.??.??"]
[Round "13"]
[White "Uskova, Fliura"]
[Black "Levitan, Yuliya"]
[Result "0-1"]
[WhiteElo "2260"]
[BlackElo "2270"]
[EventDate "1993.07.??"]
[PlyCount "84"]

1.e4 c5 2.Nf3 Nc6 3.d4 cxd4 4.Nxd4 g6 5.Be2 Bg7 6.Nb3 Nf6 7.Nc3 d6 8.O-O 
O-O 9.Bg5 Be6 10.Kh1 Rc8 11.f4 a6 12.Bf3 Re8 13.Nd5 Na5 14.Nd4 Nc4 15.f5 
Bxd5 16.exd5 Nxb2 17.Qc1 Nc4 18.fxg6 hxg6 19.Rb1 Qc7 20.Qf4 Ne5 21.h4 Qc4 
22.h5 Nxf3 23.Rxf3 Qxd5 24.hxg6 fxg6 25.c3 Ne4 26.Bh6 Rf8 27.Qh4 g5 28.Qh3
Rxf3 29.Qxc8+ Rf8 30.Qe6+ Qxe6 31.Nxe6 Bxh6 32.Nxf8 Kxf8 33.Rf1+ Ke8 34.c4
Nc5 35.g4 Bg7 36.Rf5 Ne6 37.Kg2 Be5 38.Kf2 Bf4 39.Rd5 Nc5 40.Rd1 Kd7 41.
Rb1 Kc6 42.Rd1 e5 0-1

[Event "interzonal (w)"]
[Site "Jakarta INA"]
[Date "1993.??.??"]
[Round "13"]
[White "Wijayanti, Lindri Juni"]
[Black "Shumiakina, Tatiana"]
[Result "0-1"]
[WhiteElo "2185"]
[BlackElo "2320"]
[EventDate "1993.07.??"]
[PlyCount "80"]

1.e4 c5 2.c3 e5 3.d4 cxd4 4.cxd4 exd4 5.Qxd4 Nc6 6.Qa4 Nf6 7.Nc3 Bc5 8.Be2
Qb6 9.Nh3 d6 10.Qb5 Qxb5 11.Bxb5 Bxh3 12.gxh3 O-O 13.O-O Rfe8 14.Bd3 h6 
15.Bf4 a6 16.Rad1 Rad8 17.Kg2 Bb4 18.f3 Bxc3 19.bxc3 d5 20.Rfe1 dxe4 21.
fxe4 Nxe4 22.Bc7 Rd7 23.Bb6 Rde7 24.Rc1 Nf6 25.Rxe7 Rxe7 26.Rc2 Nd5 27.Bc5
Nf4+ 28.Kg3 Nxd3 29.Bxe7 Nxe7 30.Rd2 Nc5 31.Rd8+ Kh7 32.Kf3 g6 33.Ke3 Kg7 
34.Re8 Nf5+ 35.Kf3 Ne6 36.Rb8 Nd6 37.Ke3 Kf6 38.Rh8 h5 39.Rb8 Ke7 40.Kd3 
Kd7 0-1